| 000 | 00430nam a2200157 i 4500 | ||
|---|---|---|---|
| 001 | 51722 | ||
| 003 | ES-MaACL | ||
| 005 | 20230906162425.0 | ||
| 007 | t| | ||
| 008 | 030818m19101916fr ||||1| fre d | ||
| 100 | 1 |
_aDanjon, Daniel. _942644 |
|
| 245 | 1 | 0 |
_aTraite de droit maritime / _cDaniel Danjon. |
| 260 |
_a[S.l. : _bs.n., _c1910-16] ( _eCaen : _fImp. Ch. Vallin) |
||
| 300 |
_a6 v. ; _c23 cm. |
||
| 852 |
_aES-MaACL _jF-8086-73 |
||
| 999 |
_c51722 _d51722 |
||